000 00974nam a2200253Ia 4500
003 OSt
005 20220923223917.0
006 a|||||r|||| 00| 0
007 ta
008 220922b |||||||| |||| 00| 0 hin d
024 _a223,188
037 _cTextual
040 _aARTS
_cARTS
_bhin
041 _2hin
_ahin
082 _a4:(Y15), 152P4
100 _aपांडे, मृणाल, संपा.
_9156274
245 0 _aबन्द गालियों के विरूद्ध
_b महिला पत्रकारिता की यात्रा
246 _aBanda gāliyoan ke virūddha: hinilā patrakāritā kī yātrā
260 _aनयी दिल्ली
_b राजकमल प्रकाशन
_c2004
300 _a284पृ.
_ccm.
650 _aहिन्दी पत्रकारिता
942 _h4:(Y15), 152P4
_cTEXL
_2CC
999 _c368165
_d368165